000
00302nam a22001337a 4500
008
180911b xxu||||| |||| 00| 0 eng d
020
_a
9781259373411
041
_a
eng
080
_a
004
100
_a
30
101
_a
SHK
245
_a
Busn 1420 Database Applications
_c
Nordel.R
942
_2
udc
_c
BK
999
_c
47657
_d
47657